| 000 | 00706nam a2200229 i 4500 | ||
|---|---|---|---|
| 001 | 82180 | ||
| 003 | ES-MaACL | ||
| 005 | 20250819173453.0 | ||
| 007 | t| | ||
| 008 | 041129s2000 sp |||| | spa d | ||
| 020 | _a84-249-2272-7 | ||
| 080 | _a81'25 | ||
| 100 | 1 |
_aSchleiermacher, Friedrich. _9104399 |
|
| 245 | 1 | 0 |
_aSobre los diferentes métodos de traducir / _cFriedrich Schleiermacher ; traducción y comentario de Valentín García Yebra. |
| 250 | _aEd. bilingüe. | ||
| 260 |
_aMadrid : _bGredos, _c2000. |
||
| 300 |
_a141 p. ; _c20 cm. |
||
| 650 | 4 |
_aTraducción. _917608 |
|
| 700 | 1 |
_aGarcía Yebra, Valentín, _d1917-2010 _955453 |
|
| 852 |
_aES-MaACL _jL-28532 |
||
| 999 |
_c82180 _d82180 |
||